Architecture and commerce (Record no. 103685)
[ view plain ]
| 000 -LEADER | |
|---|---|
| fixed length control field | 01545cam a2200433 4500 |
| 001 - CONTROL NUMBER | |
| control field | |
| 008 - FIXED-LENGTH DATA ELEMENTS--GENERAL INFORMATION | |
| fixed length control field | 040727n2004 000 0 eng u |
| 020 ## - INTERNATIONAL STANDARD BOOK NUMBER | |
| International Standard Book Number | 0953215865 |
| 035 ## - SYSTEM CONTROL NUMBER | |
| System control number | (Sirsi) u126940 |
| 041 ## - LANGUAGE CODE | |
| Language code of text/sound track or separate title | eng. |
| 050 ## - LIBRARY OF CONGRESS CALL NUMBER | |
| Classification number | 725.209421 |
| -- | 18 |
| 245 ## - TITLE STATEMENT | |
| Title | Architecture and commerce |
| Remainder of title | new office design in London. |
| 260 ## - PUBLICATION, DISTRIBUTION, ETC. | |
| Place of publication, distribution, etc. | London |
| Name of publisher, distributor, etc. | Wordsearch |
| Date of publication, distribution, etc. | 2004 |
| 300 ## - PHYSICAL DESCRIPTION | |
| Extent | 192p. ill. |
| Dimensions | 30cm. |
| 350 ## - PRICE (NR) (BK AM CF MU VM SE) [OBSOLETE] | |
| Price | 40 |
| 505 ## - FORMATTED CONTENTS NOTE | |
| Formatted contents note | City of London |
| 505 ## - FORMATTED CONTENTS NOTE | |
| Formatted contents note | Docklands |
| 505 ## - FORMATTED CONTENTS NOTE | |
| Formatted contents note | West End |
| 505 ## - FORMATTED CONTENTS NOTE | |
| Formatted contents note | Southwark |
| 505 ## - FORMATTED CONTENTS NOTE | |
| Formatted contents note | King's Cross |
| 505 ## - FORMATTED CONTENTS NOTE | |
| Formatted contents note | Stratford City |
| 520 ## - SUMMARY, ETC. | |
| Summary, etc. | Uses a wide range of projects to illustrate the growing regard for architectural quality and the space between buildings and commercial property development. The examples choosen also provide the functionality required by international companies - the flexibility, the efficiency and the communications essential for global business. Argues that good design and good architecture are an essential part of London's competitive edge as a centre of international financial trading. |
| 650 ## - SUBJECT ADDED ENTRY--TOPICAL TERM | |
| Topical term or geographic name entry element | ARCHITECTURE |
| 650 ## - SUBJECT ADDED ENTRY--TOPICAL TERM | |
| Topical term or geographic name entry element | OFFICES |
| 650 ## - SUBJECT ADDED ENTRY--TOPICAL TERM | |
| Topical term or geographic name entry element | OFFICE DESIGN |
| 650 ## - SUBJECT ADDED ENTRY--TOPICAL TERM | |
| Topical term or geographic name entry element | TALL BUILDINGS |
| 650 ## - SUBJECT ADDED ENTRY--TOPICAL TERM | |
| Topical term or geographic name entry element | HIGH RISE BUILDINGS |
| 650 ## - SUBJECT ADDED ENTRY--TOPICAL TERM | |
| Topical term or geographic name entry element | REGENERATION |
| 650 ## - SUBJECT ADDED ENTRY--TOPICAL TERM | |
| Topical term or geographic name entry element | Infrastructure |
| 9 (RLIN) | 6246 |
| 690 ## - LOCAL SUBJECT ADDED ENTRY--TOPICAL TERM (OCLC, RLIN) | |
| Topical term or geographic name as entry element | BUILT ENVIRONMENT-CONSTRUCTION DESIGN |
| 700 ## - ADDED ENTRY--PERSONAL NAME | |
| Personal name | Murray, P. |
| 700 ## - ADDED ENTRY--PERSONAL NAME | |
| Personal name | Duffy, F. |
| 700 ## - ADDED ENTRY--PERSONAL NAME | |
| Personal name | Jackson, N. |
| 700 ## - ADDED ENTRY--PERSONAL NAME | |
| Personal name | Mallett, L. |
| 700 ## - ADDED ENTRY--PERSONAL NAME | |
| Personal name | Powell, K. |
| 700 ## - ADDED ENTRY--PERSONAL NAME | |
| Personal name | Rabeneck, A. |
| 700 ## - ADDED ENTRY--PERSONAL NAME | |
| Personal name | Taylor, D. |
| 942 ## - ADDED ENTRY ELEMENTS (KOHA) | |
| Suppress in OPAC | 0 |
| Withdrawn status | Lost status | Source of classification or shelving scheme | Damaged status | Not for loan | Home library | Current library | Shelving location | Date acquired | Total Checkouts | Full call number | Barcode | Date last seen | Date last checked out | Copy number | Price effective from | Koha item type |
|---|---|---|---|---|---|---|---|---|---|---|---|---|---|---|---|---|
| Dewey Decimal Classification | London | London | Folio | 17/09/2004 | 15 | F725.209421 MUR | 30069282 | 06/08/2019 | 30/07/2008 | 1 | 06/08/2019 | Book |